Object oriented programming: Using Scala and Java (Record no. 358211)

MARC details
000 -LEADER
fixed length control field 00548nam a2200205 4500
005 - DATE & TIME
control field 20241114105639.0
008 - FIXED-LENGTH DATA ELEMENTS--GENERAL INFORMATION
fixed length control field 241112b |||||||| |||| 00| 0 eng d
020 ## - ISBN
International Standard Book Number 9789389802207
Price Rs. 599.00
040 ## - CATALOGING SOURCE
Original cataloging agency VIVEKANANDA LIBRARY
082 ## - DDC NUMBER
Classification number 005.133
Book Number C455O
100 ## - MAIN ENTRY--PERSONAL NAME
Personal name Chopra, Rajiv
245 ## - TITLE STATEMENT
Title Object oriented programming: Using Scala and Java
260 ## - PUBLICATION, DISTRIBUTION, ETC. (IMPRINT)
Place of publication, distribution, etc New Delhi
Name of publisher, distributor, etc New Age International (P) Limited
Date of publication, distribution, etc 2022
300 ## - PHYSICAL DESCRIPTION
Pages xii, 712
440 ## - Series Statement
Series Title New Age
650 ## - Subject
Subject Computer Science
650 ## - Subject
Subject Java Programming
942 ## - ADDED ENTRY ELEMENTS (KOHA)
Koha item type Books
Holdings
Withdrawn status Lost status Source of classification or shelving scheme Damaged status Not for loan Location (home branch) Sublocation or collection (holding branch) Shelving location Date acquired Koha issues (times borrowed) Koha full call number Accession No. Koha date last seen Koha item type
    Dewey Decimal Classification     VIVEKANANDA LIBRARY VIVEKANANDA LIBRARY Vivekananda Library 12/11/2024   005.133 C455O 314407 12/11/2024 Books
© Designed and Maintained by Vivekananda Library, MDU Rohtak